Online
Catalog
Normal view MARC view

Entry Nombre personal

Number of records used in: 257

001 - NÚMERO DE CONTROL

  • campo de control: 76556

003 - IDENTIFICADOR DEL NÚMERO DE CONTROL

  • campo de control: BNPHU

005 - FECHA Y HORA DE LA ÚLTIMA TRANSACCIÓN

  • campo de control: 20240926082343.0

008 - DATOS DE LONGITUD FIJA

  • campo de control de longitud fija: 200803|| aza||aabn | ||| |d

010 ## - NÚMERO DE CONTROL DE LA BIBLIOTECA DEL CONGRESO

  • Número de control de LC: n 82165628

040 ## - FUENTE DE LA CATALOGACIÓN

  • Centro catalogador/agencia de origen: DO-SdBNP
  • Lengua de catalogación: spa
  • Centro/agencia transcriptor: BNPHU
  • Normas de descripción: rda

046 ## - FECHAS CON CODIFICACIÓN ESPECIAL

  • Fecha de nacimiento: 1906-
  • Fecha de la muerte: 2002

100 1# - ENCABEZAMIENTO-NOMBRE DE PERSONA

  • Nombre de persona: Balaguer, Joaquín,
  • Fechas asociadas al nombre: 1906-2002

370 ## - LUGAR ASOCIADO

  • Lugar de nacimiento: Navarrete (República Dominicana)
  • Lugar de fallecimiento: Santo Domingo (República Dominicana)

373 ## - GRUPO ASOCIADO

  • Grupo asociado: Université de Paris
  • Grupo asociado: República Dominicana. Ministerio de Educación Superior, Ciencia y Tecnología
  • Grupo asociado: República Dominicana. Presidente (1966-1978 : Balaguer)
  • Grupo asociado: República Dominicana. Presidente (1986-1996 : Balaguer)
  • Grupo asociado: Partido Reformista Social Cristiano (República Dominicana)

374 ## - OCUPACIÓN

  • Ocupación: Político
  • Ocupación: Presidente
  • Ocupación: Escritor

375 ## - GÉNERO/SEXO

  • Género/Sexo: Masculino

377 ## - LENGUA/LENGUAJE ASOCIADO

  • Código del idioma: spa

400 1# - TRAZADO DE VÉASE--NOMBRE DE PERSONA

  • Nombre de persona: Balaguer y Ricardo, Joaquín,
  • Fechas asociadas al nombre: 1906-2002

400 1# - TRAZADO DE VÉASE--NOMBRE DE PERSONA

  • Nombre de persona: Balaguer Ricardo, Joaquín,
  • Fechas asociadas al nombre: 1906-2002

400 1# - TRAZADO DE VÉASE--NOMBRE DE PERSONA

  • Nombre de persona: Ricardo, Joaquín Balaguer y,
  • Fechas asociadas al nombre: 1906-2002

510 1# - TRAZADO DE VÉASE ADEMÁS--NOMBRE DE ENTIDAD CORPORATIVA

  • Nombre de entidad corporativa o nombre de jurisdicción como elemento de entrada: República Dominicana.
  • Unidad subordinada: Presidente (1966-1978 : Balaguer)
  • Unidad subordinada: Presidente (1986-1996 : Balaguer)

670 ## - FUENTE DE DATOS ENCONTRADOS

  • Cita de la fuente: Tebaida lírica ... 1925.
  • Información encontrada: portadapor (Joaquín Balaguer Ricardo)

670 ## - FUENTE DE DATOS ENCONTRADOS

  • Cita de la fuente: Traslado de los restos ... 1988
  • Información encontrada: portada (Joaquin Balaguer Ricado)

670 ## - FUENTE DE DATOS ENCONTRADOS

  • Cita de la fuente: Colón, precursor literario, 1958:
  • Información encontrada: portada (Joaquín Balaguer)

670 ## - FUENTE DE DATOS ENCONTRADOS

  • Identificador Uniforme del Recurso: https://authorities.loc.gov/cgi-bin/Pwebrecon.cgi?AuthRecID=84596&v1=1&HC=1&SEQ=20240222105826&PID=dKreZvDUFLZi1MoT3mmlanZl-Rnd

Powered by Koha